Progressively Harder Star Wars Characters Quiz Stats

 Plays Quiz Updated Dec 12, 2015

Challenge
Share
Tweet
Score 0/40 Timer 10:00
5 Plays Today
% Correct
Luke Skywalker
99.3%
Han Solo
98.6%
R2-D2
98.4%
Darth Vader
98.3%
Yoda
97.8%
C-3PO
97.4%
Chewbacca
97.3%
Leia Organa Solo
96.9%
Obi-Wan 'Ben' Kenobi
96.2%
Jabba the Hutt
95.7%
Jar Jar Binks
93.9%
Darth Maul
93.9%
Boba Fett
92.4%
Emperor Palpatine
89.5%
Lando Calrissian
88.8%
Padmé Amidala
88.5%
Qui-Gon Jinn
85.6%
Mace Windu
85.2%
Jango Fett
83.2%
Count Dooku
80.8%
% Correct
Admiral Ackbar
77.5%
Greedo
76.1%
Owen Lars
75.2%
General Grievous
74.3%
Shmi Skywalker Lars
69.5%
Wilhuff Tarkin
64.2%
Bail Prestor Organa
63.1%
Watto
56.8%
Sebulba
55.8%
Wedge Antilles
55.4%
Beru Whitesun Lars
54.2%
Biggs Darklighter
45.9%
Boss Nass
44.6%
Cliegg Lars
43.5%
Plo Koon
39.5%
Ki-Adi-Mundi
39%
Captain Panaka
31.1%
Sabé
25.7%
Captain Gregar Typho
23.9%
Sio Bibble
23.6%

You're not logged in!

Compare scores with friends on all Sporcle quizzes.
OR
Log In

You Might Also Like...

Show Comments

Extras

Top Quizzes Today


Score Distribution

Your Account Isn't Verified!

In order to create a playlist on Sporcle, you need to verify the email address you used during registration. Go to your Sporcle Settings to finish the process.

Report this User

Report this user for behavior that violates our Community Guidelines.

Details: